Die sammlung Erich von Goldschmidt-Rotschild (Record no. 7756)

MARC details
000 -CABECERA
campo de control de longitud fija 00798nam a2200241 a 4500
001 - NÚMERO DE CONTROL
campo de control BRCA_8088
005 - FECHA Y HORA DE LA ÚLTIMA TRANSACCIÓN
campo de control 20190320210127.0
008 - DATOS DE LONGITUD FIJA--INFORMACIÓN GENERAL
campo de control de longitud fija 040414s1931----gw-a###f##---#000-0#ger-#
041 ## - CÓDIGO DE LENGUA
Código de lengua del texto/banda sonora o título independiente ger
044 ## - CÓDIGO DEL PAÍS DE LA ENTIDAD EDITORA/PRODUCTORA
Código MARC del país gw
050 #4 - SIGNATURA TOPOGRÁFICA DE LA BIBLIOTECA DEL CONGRESO
Número de clasificación N5208.5
Número de documento/Ítem .G623
245 10 - MENCIÓN DE TÍTULO
Título Die sammlung Erich von Goldschmidt-Rotschild
Mención de responsabilidad, etc. eingeleitet und beschrieben von L. Schnorr von Carolsfeld.
260 ## - PUBLICACIÓN, DISTRIBUCIÓN, ETC.
Lugar de publicación, distribución, etc. Berlin
Nombre del editor, distribuidor, etc. Herman Ball & Paul Graupe
Fecha de publicación, distribución, etc. 1931
300 ## - DESCRIPCIÓN FÍSICA
Extensión 190 p.
Otras características físicas il.
Dimensiones 31 cm.
500 ## - NOTA GENERAL
Nota general Y120
600 14 - PUNTO DE ACCESO ADICIONAL DE MATERIA--NOMBRE DE PERSONA
Nombre de persona Goldschmidt-Rotschild, Erich von
Títulos y otros términos asociados al nombre barón
Fechas asociadas al nombre 1894-1987
9 (RLIN) 20111
650 14 - PUNTO DE ACCESO ADICIONAL DE MATERIA--TÉRMINO DE MATERIA
Término de materia o nombre geográfico como elemento de entrada Objetos de arte
Subdivisión de forma Subastas
9 (RLIN) 20112
650 14 - PUNTO DE ACCESO ADICIONAL DE MATERIA--TÉRMINO DE MATERIA
Término de materia o nombre geográfico como elemento de entrada Objetos de arte
Subdivisión de forma Catálogos
9 (RLIN) 11735
650 14 - PUNTO DE ACCESO ADICIONAL DE MATERIA--TÉRMINO DE MATERIA
Término de materia o nombre geográfico como elemento de entrada Objetos de arte
Subdivisión de forma Coleccionistas y colecciones
9 (RLIN) 19093
700 1# - PUNTO DE ACCESO ADICIONAL--NOMBRE DE PERSONA
Nombre de persona Carolsfeld, L. Schnorr von
9 (RLIN) 20113
902 ## - CATALOGADOR
Iniciales GFM
942 ## - ELEMENTOS DE PUNTO DE ACCESO ADICIONAL (KOHA)
Fuente del sistema de clasificación o colocación Library of Congress Classification
Tipo de ítem Koha Libros
Holdings
Estado de retiro Estado de pérdida Estado dañado No para préstamo Localización permanente Ubicación/localización actual Fecha de adquisición Número de inventario Total de préstamos Signatura topográfica completa Código de barras Fecha visto por última vez Precio válido a partir de Tipo de ítem Koha
El ejemplar forma parte de la colección y puede ser consultado según las políticas vigentes.       Biblioteca del Museo Franz Mayer (Rogerio Casas-Alatriste) Biblioteca del Museo Franz Mayer (Rogerio Casas-Alatriste) 04/04/2014 Y120   N5208.5 .G623 (Y120) 8712 22/03/2019 22/03/2019 Libros